00741cam a22002052 4500001001100000005001700011008004100028020001700069040001500086245017900101250001200280260002500292300001600317650004300333650004200376700003600418700003500454700004300489852000300532000002026620151217155907.0110906s xx 000 0 eng d a9966846867 : aKABUcKABU10aIndustrialising Africa in the era of globalisation :bchallenges to clothing and footwear /cedited by Dorothy McCormick, Joseph A. Kuzilwa and Tegegne Gebre-Egeziabher [eds] a1st ed. aKenya :bUON,c2009. axvi, 283 p. 0aFootwear industryzAfrica.@0000180382 0aTextile industryzAfrica.@00001803831 aMcCormick, Dorothy.@00001612101 aKuzilwa, Joseph A.@00001803841 aGebre-Egeziabher, Tegegne.@00001803851